000 00385nam a2200145Ia 4500
008 220217s9999||||xx |||||||||||||| ||und||
020 _a978-0-07-063681-1
082 _a006.74 VAU
100 _aVaughan, Tay
_95681
245 0 _aMultimedia making it work
250 _a7th
260 _aTata mcgraw hill company Ltd
_bNew Delhi
_c2007
300 _b395
650 _aMULTIMEDIA
999 _c176782
_d176782